01469nab a22002777a 4500003000400000005001700004008004100021040001100062100002700073245012400100260007300224300001300297500003800310505039800348505008900746650002300835650003700858650003000895650002100925650001900946650002100965650001700986650002301003650002901026773013601055OSt20250225215738.0190603e xxum|||| |||| 00| 0 spa d cPJ-TDF aReátegui Hehn, Elia 10aJurisprudencia destacada en "Perspectivas jurídicas y desafíos en el ámbito de la salud" /cElia Reátegui Hehn. cCiudad Autónoma de Buenos Aires :aThomson Reuters La Ley, b2024. ap. 44-48 aCita: TR LALEY AR/DOC/2917/2024.  a Sumario: I. DNU 70/2023.— II. Personas con discapacidad.— III. Cobertura de medicamentos.— IV. Cobertura de prestaciones.— V. Prestadores ajenos a la obra social.— VI. Persona transgénero.— VII. Internación involuntaria de personas.— VIII. Responsabilidad del establecimiento que brinda servicios de salud.— IX. Afiliación a obra social.— X. Vacunación obligatoria.  t¿Te interesa el texto completo? Solicitalo al correo: koha@justierradelfuego.gov.ar 0aDERECHO A LA SALUD 0aDECRETOS DE NECESIDAD Y URGENCIA 0aPERSONAS CON DISCAPACIDAD 0aCOBERTURA MEDICA 0aOBRAS SOCIALES 0aMEDICINA PREPAGA 0aMEDICAMENTOS 0aCONSTITUCIONALIDAD 0aJURISPRUDENCIA APLICABLE0 02713dCiudad Autónoma de Buenos Aires : Thomson Reuters La Ley, 2015-tRevista Código Civil y Comercial. Nº 6 - Diciembre 2024